La fin de la présence française en Syrie : de la crise de mai 1945 au départ des dernières troupes étrangères (notice n° 1603512)
[ vue normale ]
| 000 -LEADER | |
|---|---|
| fixed length control field | 02181cam a2200169 4500500 |
| 005 - DATE AND TIME OF LATEST TRANSACTION | |
| control field | 20251228092659.0 |
| 041 ## - LANGUAGE CODE | |
| Language code of text/sound track or separate title | fre |
| 042 ## - AUTHENTICATION CODE | |
| Authentication code | dc |
| 100 10 - MAIN ENTRY--PERSONAL NAME | |
| Personal name | Bruchez, Anne |
| Relator term | author |
| 245 00 - TITLE STATEMENT | |
| Title | La fin de la présence française en Syrie : de la crise de mai 1945 au départ des dernières troupes étrangères |
| 260 ## - PUBLICATION, DISTRIBUTION, ETC. | |
| Date of publication, distribution, etc. | 2005.<br/> |
| 500 ## - GENERAL NOTE | |
| General note | 61 |
| 520 ## - SUMMARY, ETC. | |
| Summary, etc. | La fin de la présence française en Syrie : de la crise de mai 1945 au départ des dernières troupes étrangèresAu cours de la Seconde Guerre mondiale, les nationalistes arabes du Moyen-Orient profitent de l’affaiblissement des deux grandes puissances présentes dans la région, la France et la Grande-Bretagne, pour s’imposer politiquement. La Syrie passe, durant cette période, du statut de mandat international sous contrôle français à celui d’État indépendant reconnu par la naissante organisation des Nations Unies. Cette contribution s’intéresse à la dernière étape de cette accession à l’indépendance, qui s’ouvre en mai 1945 sur une grave crise franco-britannique et s’achève le 17 avril 1946 par le départ des dernières troupes étrangères du territoire syrien. |
| 520 ## - SUMMARY, ETC. | |
| Summary, etc. | La fin de la présence française en Syrie : de la crise de mai 1945 au départ des dernières troupes étrangèresDuring the Second World War, the Arab nationalists of the Middle East took advantage of the weakness of the two powers present in the region, France and Great Britain, to assert themselves in the political field. During this period, Syria, which was an international mandate under French control at the beginning of the war, achieved the status of an independent state recognized by the incipient United Nations Organisation. This article retraces the last step of this accession to independence, which began in May 1945 with an important Anglo-French crisis and ended on the 17th of April 1946 with the departure of the last foreign troops from the Syrian territory. |
| 786 0# - DATA SOURCE ENTRY | |
| Note | Relations internationales | 122 | 2 | 2005-06-01 | p. 17-32 | 0335-2013 |
| 856 41 - ELECTRONIC LOCATION AND ACCESS | |
| Uniform Resource Identifier | <a href="https://shs.cairn.info/revue-relations-internationales-2005-2-page-17?lang=fr&redirect-ssocas=7080">https://shs.cairn.info/revue-relations-internationales-2005-2-page-17?lang=fr&redirect-ssocas=7080</a> |
Pas d'exemplaire disponible.




Réseaux sociaux